Country Sequences - Statistics

General Stats
  • This quiz has been taken 26 times
  • The average score is 8 of 12
Answer Stats
Pattern Answer % Correct
Ivory Coast, Ghana, Togo, ... Benin
96%
Russia, Canada, China, ... United States
96%
Panama, Costa Rica, Nicaragua, ... Honduras
88%
China, India, United States, ... Indonesia
79%
Zimbabwe, Zambia, Yemen, ... Vietnam
75%
China/Nepal, Pakistan, ... India
71%
Zambia, Namibia, Botswana, ... Zimbabwe
71%
Vatican City, Monaco, Nauru, ... Tuvalu
67%
Chile, Argentina, Australia, ... New Zealand
58%
South Sudan, Kosovo, Serbia, ... Montenegro
50%
Monaco, Liechtenstein, Qatar, ... Luxembourg
42%
Ivory Coast, United Arab Emirates, Nigeria, ... Ghana
13%
No matching quizzes found
Score Distribution
Percent of People with Each Score
Percentile by Number Answered
Your Score History
You have not taken this quiz